The return of the native / (Record no. 155104)

MARC details
000 -LEADER
campo de control de longitud fija 00760nam a22002055i 4500
001 - NÚMERO DE CONTROL
campo de control 155104
003 - IDENTIFICADOR DE NÚMERO DE CONTROL
campo de control ES-MaACL
005 - FECHA Y HORA DE LA ÚLTIMA TRANSACCIÓN
campo de control 20230906205949.0
008 - DATOS DE LONGITUD FIJA--INFORMACIÓN GENERAL
campo de control de longitud fija 040720s1879 gw |||| | eng d
040 ## - FUENTE DE CATALOGACIÓN
Centro catalogador/agencia de origen CAM
Lengua de catalogación spa
Centro/agencia transcriptor CAM
100 1# - ENTRADA PRINCIPAL--NOMBRE DE PERSONA
Nombre de persona Hardy, Thomas.
9 (RLIN) 61838
245 14 - MENCIÓN DEL TÍTULO
Título The return of the native /
Mención de responsabilidad, etc. by Thomas Hardy.
260 ## - PUBLICACIÓN, DISTRIBUCIÓN, ETC.
Lugar de publicación, distribución, etc. Leipzig :
Nombre del editor, distribuidor, etc. Bernhard Tauchnitz,
Fecha de publicación, distribución, etc. 1879 (
Fabricante Printing Office of the Publisher)
300 ## - DESCRIPCIÓN FÍSICA
Extensión 2 v. (320; 311, 15 p.) ;
Dimensiones 17 cm.
490 1# - MENCIÓN DE SERIE
Mención de serie Collection of british authors ;
Designación de volumen o secuencia 1796; 1797
597 ## - NOTA DE DESCRIPCIÓN FÍSICA
NOTA DE DESCRIPCIÓN FÍSICA Las 15 p. son de publicidad editorial.
830 0# - PUNTO DE ACCESO ADICIONAL DE SERIE-TÍTULO UNIFORME
Título uniforme Collection of british authors ;
Designación de volumen o secuencia 1796; 1797
9 (RLIN) 180703
852 ## - LOCALIZACIÓN
Ubicación ES-MaACL
Número de control de estantería G-11608
Nota libre -- Enc. hol. conservando la cub. original
-- -- 2 t. en 1 v.
Holdings
Estatus retirado Estado de pérdida Estado de daño No para préstamo Colección Biblioteca de origen Biblioteca actual Ubicación en estantería Fecha de adquisición Fuente de adquisición Total de préstamos Signatura topográfica completa Código de barras Visto por última vez Precio de reemplazo Tipo de ítem Koha
        Libros del s. XIX Biblioteca del Ateneo de Madrid Biblioteca del Ateneo de Madrid Sala Pecera Planta 3 17/01/2008     G-11608 1162245 23/02/2023 23/02/2023 Libro impreso antiguo